| 000 | 00608nam a2200181 a 4500 | ||
|---|---|---|---|
| 001 | 000277369 | ||
| 003 | AM-YeHGA | ||
| 005 | 20250618071824.0 | ||
| 008 | 031029s1889 ai r 000 0 arm d | ||
| 040 | _aAM-YeHGA | ||
| 041 | 0 | _aarm | |
| 100 | 1 |
_aՀախումյան, Սիմեոն Գասպարի, _d1859-1905 _91321 |
|
| 245 | 1 | 0 |
_aՄանիկ : _b(Ժամանակակից վէպ) / _cՍիմէօն Հախումեան. |
| 260 |
_aՇուշի : _bտպ. Հայոց հոգևոր տեսչութ., _c1889. |
||
| 300 |
_a76 էջ ; _c23 սմ. |
||
| 650 | 1 | 4 |
_aՀայ գրականություն _xՎեպ |
| 090 | _c102478 | ||
| 999 |
_c101161 _d101161 |
||